| 000 | 00747nam a2200193Ii 4500 | ||
|---|---|---|---|
| 003 | JO-AjNU | ||
| 008 | 230605s9999||||xx |||||||||||||| ||und|| | ||
| 040 |
_aJO-AjNU _bara _erda _cJO-AjNU |
||
| 041 | _aara | ||
| 050 | 1 | 4 | _aHC415.26.K425.1981 |
| 100 | 3 |
_aالمجلس القومي للتخطيط, _eauthor _945288 |
|
| 245 | 0 | 0 | _aخطة التنمية الاقتصادية والاجتماعية 1981-1985، ج2 |
| 264 | 3 | 1 | _aعمان: المجلس القومي للتخطيط،1981 |
| 300 | _aج2،من ص351الى ص635 | ||
| 336 |
_atext _btxt _2rdacontent |
||
| 337 |
_aunmediated _bn _2rdamedia |
||
| 338 |
_avolume _bnc _2rdacarrier |
||
| 650 | 4 |
_aاحوال اقتصادية-احوال اجتماعية-احصاءات-الاردن _945289 |
|
| 999 |
_aA19619 _c23187 _d23187 |
||